000 00958nam a2200277Ia 4500
003 OSt
005 20220923211400.0
006 a|||||r|||| 00| 0
007 ta
008 220922b |||||||| |||| 00| 0 hin d
020 _a9788189242121 (hbk)
_c1400
024 _a285,443
037 _b31, 14/03/2015, P. K. Books
_cTextual
040 _aARTS
_cARTS
_bhin
041 _2hin
_ahin
082 _aR65,6, 152Q4
100 _aतिलक, लोकमान्य बाल गंगाधर
_9160344
245 0 _aगीतारहस्य
246 _aGītārahasya
260 _aदिल्ली
_b अर्चना पब्लिकेशन
_c2014
300 _a536पृ.
_ccm.
490 _vभाग 1
650 _aभारतीय दर्शन
942 _hR65,6, 152Q4
_cTEXL
_2CC
999 _c298964
_d298964